| 000 | 00585nam a2200217 a 4500 | ||
|---|---|---|---|
| 001 | BRCA_7376 | ||
| 005 | 20190320205819.0 | ||
| 008 | 090313s1896----enk#######---#000-0#eng-# | ||
| 041 | _aeng | ||
| 044 | _aenk | ||
| 050 | 4 |
_aHG4551 _b.C37 1896 |
|
| 245 | 1 | 0 | _aCastelli´s stock exchange tables for calculating simple interest. |
| 260 |
_aLondres _bF. C. Mathieson _c1896 |
||
| 300 | _a1 v. (sin paginación) | ||
| 500 | _aQ78 | ||
| 650 | 1 | 4 |
_aBolsa de valores _914984 |
| 650 | 1 | 4 |
_aInteres _vTablas _918218 |
| 650 | 1 | 4 |
_aInversiones _vTablas _918219 |
| 902 | _aGFM | ||
| 942 |
_2lcc _cB |
||
| 999 |
_c7052 _d7052 |
||